Der evangelische Glaube und das Denkender Gegenwart : Grundzoge einer christlichen Lebensanschauung
Αποθηκεύτηκε σε:
| Κύριος συγγραφέας: | |
|---|---|
| Μορφή: | Βιβλίο |
| Γλώσσα: | German |
| Δημοσίευση: |
Berlin :
Furche-Verlag,
1931-
|
| Θέματα: | |
| Ετικέτες: |
Προσθήκη ετικέτας
Δεν υπάρχουν, Καταχωρήστε ετικέτα πρώτοι!
|
MARC
| LEADER | 00000cam a2200000 i 4500 | ||
|---|---|---|---|
| 001 | 1/29665 | ||
| 008 | 060517m19319999 ger d | ||
| 035 | |l 10083955 | ||
| 040 | |a GR-MY-UA |b gre |e aacr | ||
| 041 | 0 | |a ger | |
| 082 | 0 | |a 230 |2 (22) | |
| 100 | 1 | |a Heim, Karl, |d 1874-1958. | |
| 245 | 1 | 4 | |a Der evangelische Glaube und das Denkender Gegenwart : |b Grundzoge einer christlichen Lebensanschauung / |c Karl Heim |
| 260 | |a Berlin : |b Furche-Verlag, |c 1931- | ||
| 300 | |a τ.; |c 23 εκ. | ||
| 504 | |a Περιλαμβάνει βιβλιογραφικές αναφορές | ||
| 505 | 0 | |a Τ.1. Glaube und Denken | |
| 650 | 0 | 0 | |a Theology, Doctrinal. |
| 650 | 0 | 0 | |a Christianity |x Philosophy. |
| 740 | 0 | 2 | |a Glaube und Denken |
| 852 | |a INST |b RHODES |c KRI |e 20060517 |h 230 HEI |p 005400020775 |q 005400020775 |t BK |v τ.1: |y 0 |z τ.1 | ||
| 853 | |a INST |b RHODES |c KRI |h 230 HEI | ||
| 901 | |a BIBL4-2006-2 | ||
| 909 | |a Ρ |b 123601 | ||
| 970 | |a ΚΟΖΑ |b ΜΑΡΙΑ |z 2006/05/17 | ||